| 000 | 01136nam a2200289 c 4500 | ||
|---|---|---|---|
| 003 | BLK | ||
| 005 | 20180422110442.0 | ||
| 008 | 180409b bul|||||r ||||||| ||bul|| | ||
| 010 | _aKNG00122921000 | ||
| 040 | _aBLK | ||
| 041 |
_aBUL _cBUL |
||
| 080 |
_aСирийска литература _b821.411.21(569.1) _x-31 _z821.411.21(569.1)-31 |
||
| 100 | 1 |
_aал-Азад, Алаудин _eпърви автор _9315179 |
|
| 700 | 1 |
_aГеоргиева, Жечка _eпрев. от англ. _9364312 |
|
| 139 |
_aАл-Азад, Алаудин _bА 36 |
||
| 245 | 1 | 0 |
_aПортрет № 23 _bРоман _cАлаудин ал-Азад; прев. от англ. Жечка Георгиева. |
| 257 | _aSIR | ||
| 260 |
_аСофия _bНар. култура _c1982 _fЯмбол : Г. Димитров |
||
| 300 |
_a136 с. _c17 см |
||
| 380 | _aX | ||
| 500 | _aЗагл. на англ. Portrait number twent-three. | ||
| 852 | _aЦб І 19703 | ||
| 856 | 4 |
_qpdf _u |
|
| 856 | 4 |
_qpdf _u |
|
| 942 |
_cKNG _n0 |
||
| 944 |
_aCR _c18.04.2011 _lдобави в АБ / 15.04.2011 _kВиолета_Тройчева |
||
| 944 |
_aED _c18.04.2011 _lдобави в АБ / 15.04.2011 _k |
||
| 999 |
_c117335 _d117335 |
||